Quizzes
Events
Quiz Creation
Community
Videos
Private Events
Remove Ads
Sign In
Join for FREE
Feedback
Dark Mode
Quiz Categories
Sports
Geography
Music
Movies
Television
Just For Fun
Miscellaneous
History
Literature
Language
Science
Gaming
Entertainment
Religion
Holiday
For Kids
Quiz Lab
Recent
Popular Today
Quiz Kudos Today
Editor Picks
Curator Picks
Quizzes by...
Day
Popularity
Type
Ratings
Length
Year
Community
Subscriptions
Recent Discussions
Orange Saloon
Badges
Playlists
Quests
Create
Leaderboards
Showdown
Live 5
Trivia Bingo
Activity
Puzzle Library
Sporcle Events
Private Events
Virtual Trivia
Globe League
Become a Host
Pub Owners
SporcleCon
Opinionation
Our Games
Videos
Blog
Mobile Apps
Partnerships
Remove Ads and Go Orange
Feedback
Language
Vocabulary
Begins and Ends
Definition
Spanish
French
German
Italian
Chinese
Latin
Translation
Japanese
Language
Vocabulary
Begins and Ends
Definition
Spanish
French
German
Italian
Chinese
Latin
Translation
Japanese
Random Quiz
Search Sporcle
×
Quiz Lab
Quiz Lab
Language
Animal
Type in answers that appear in a list
Type in answers that appear in a list
Classic
Best Score? Go Orange.
Collective Animal Names Stats
Can you name the Collective Animal Names?
By
rilyn19
15m
85 Questions
85 Plays
85 Plays
85 Plays
Comments
Comments
Give Quiz Kudos
Give Quiz Kudos
-
- Ratings
hide this ad
Replay
Link that replays current quiz
Next Quiz
Link to next quiz in quiz playlist
You Got
0%
They Got
Avg Score
42%
Avg Friend Score
Upgrade to see
Score Distribution
Jump to the score distribution portion of the page
Score
0/85
Timer
15:00
0
Plays Today
Animals
Collective Name
% Correct
Kangaroos
Herd or Mob or Troop
94.1%
Seals
Bob or Harem or Spring or Rookery or Team or Pod
89.4%
Elephants
Herd or Memory or Parade
87.1%
Hippopatamus
Bloat or Herd or Crash
87.1%
Giraffes
Tower or Herd or Cloud
85.9%
Zebras
Herd or Zeal
83.5%
Ants
Army or Colony or Swarm
82.4%
Deer
Herd or Bevy or Parcel
82.4%
Elk
Gang or Herd
82.4%
Bees
Grist or Swarm or Flight or Hive
81.2%
Lions
Pride
78.8%
Yaks
Herd
78.8%
Geese
Gaggle
77.6%
Crows
Murder
76.5%
Wolves
Pack
76.5%
Weasels
Pack or Sneak
74.1%
Butterflies
Rabble or Swarm
72.9%
Ducks
Flock or Paddling
70.6%
Dolphins
Pod
69.4%
Beavers
Lodge
65.9%
Sharks
School or Shiver
65.9%
Camels
Flock
64.7%
Baboons
Troop or Flange or Tribe
63.5%
Penguins
Colony or Huddle or Rookery
63.5%
Mice
Nest or Mischief or Horde
62.4%
Vultures
Colony
62.4%
Chimpanzees
Cartload or Trop
61.2%
Owls
Parliament
58.8%
Otters
Raft or Romp or Bevy or Family
58.8%
Animals
Collective Name
% Correct
Rhinocerous
Crash
57.6%
Pheasants
Nye or Bouquet or Nest or Nide
51.8%
Vipers
Generation or Nest
50.6%
Doves
Dole or Dule or Piteousness
48.2%
Emus
Mob
47.1%
Wallabees
Mob
47.1%
Bears
Sleuth
42.4%
Ravens
Unkindness
42.4%
Jays
Band or Party or Scold
40%
Eagles
Aerie or Convocation
38.8%
Hedgehogs
Prickle or Array
38.8%
Locusts
Plague
38.8%
Jellyfish
Smack
37.6%
Coyotes
Band
36.5%
Gorillas
Band
36.5%
Apes
Shrewdness
34.1%
Tigers
Ambush or Streak
34.1%
Quail
Bevy or Covey
32.9%
Crocodiles
Congregation or Float
31.8%
Turtles
Bale
30.6%
Foxes
Lead or Skulk or Leash
29.4%
Cobras
Quiver
28.2%
Gerbils
Horde
28.2%
Hamsters
Horde
28.2%
Rattlesnakes
Rhumba
28.2%
Moles
Company or Labor or Movement
27.1%
Hawks
Kettle or Aerie or Cast
25.9%
Nightingales
Watch
25.9%
Peacocks
Muster or Ostentation
25.9%
Animals
Collective Name
% Correct
Squirrels
Dray or Scurry
25.9%
Finches
Charm
23.5%
Plovers
Wing or Congregation
22.4%
Unicorns
Blessing
22.4%
Trout
Hover
21.2%
Buzzards
Wake
20%
Ferrets
Buisness or Cast or Fesnying
20%
Hayenas
Clan
18.8%
Woodpeckers
Descent
18.8%
Magpies
Tiding
17.6%
Starlings
Murmuration
16.5%
Teals
Spring
15.3%
Boar
Sounder or Singular
14.1%
Storks
Muster or Mustering
14.1%
Bitterns
Siege or Sedge
12.9%
Gnus
Implausability
10.6%
Martens
Richness
10.6%
Pinãtas
Plethora
10.6%
Woodcocks
Fall
10.6%
Mallards
Sord
9.4%
Bobolinks
Chain
8.2%
Larks
Ascension or Exaltation
8.2%
Wombats
Warren
8.2%
Coots
Cover
5.9%
Possum
Passel
5.9%
Lapwings
Deceit
4.7%
Snipes
Walk or Wisp
4.7%
Quiz Playlist
Details
Report
Send in Message
Add To Playlist
Classic:
Type in answers that appear in a list
Last Updated: Feb 16, 2017
Quiz Scoreboard
CHALLENGE
Sign Up to Join the Scoreboard
Show All
Scores
Hide
Comments
May contain spoilers
Recently Published
Billboard Blitz: Fleetwood Mac
by CooCooCachoo
Music
15s
Presidents Visiting Landmarks
by Hejman
History
7m
An Introduction to Baseball
by treessimontrees
Sports
5m
More to Explore
Quiz From the Vault
Featured Blog Post
Where Did the Easter Bunny Come From?
hide this ad
You Might Also Like...
Tags
Animal Quiz
Today's Top Quizzes in Language
Browse Language
hide this ad
Today's Top Quizzes in Animal
Browse Animal
Top Contributed Quizzes in Language
1
1-10 Letter F Words III
2
1-10 Letter G Words III
3
Alphabetize! : 'As' words
4
1-10 Letter H Words III
5
Order Up: Top 10 Most Native Spoken Languages
6
One Thing in Common: Italy
7
1-10 Letter I Words III
8
1-10 Letter J Words III
9
Weisst du, aus welchen Sprachen diese Wörter stammen?
10
Celtic Nations in their Language
Explore More
Trending Topics
Anime
Harry Potter
Marvel
Disney
Crossword
NBA
Kpop
Puzzle
Pokémon
Country
The Office
NFL
Soccer
WWE
Song
hide this ad
More By:
rilyn19
Quiz
Plays
Rating
Category
Featured
Created
Greek Mythology: The Famous And Obscure
963
4.50
Religion
Aug 9, 2011
Neutral Milk Hotel can you figure out the lyric to this song
954
3.30
Music
Jul 8, 2011
Pearl Jam Guess The Lyrics
738
4.75
Music
Aug 5, 2011
Guess the Bright Eyes Lyrics
330
1.86
Music
Aug 9, 2011
Albert Pujols' Home Runs
281
3.33
Sports
Aug 14, 2011
Go to Creator's Profile
Score Distribution
Quiz Creator Spotlight
rilyn19
Follow
Send a Message
Quizzes Created
-
Created Quiz Play Count
-
More By This Creator
Popular Quizzes Today
1
Find the US States - No Outlines Minefield
2
Find the Countries of Europe - No Outlines Minefield
3
The Countries of the World
4
Find the US States
5
Risky Map Clicking: Biggest States A-Z
6
US States
7
Popular People in 1961
8
Movies - When Are They Set?
More Language Quizzes
Anagram Word Building XXXII
Published
Trending Quizzes
Risky Map Clicking: Least Populous States A-Z
1-10 Letter G Words
1-10 Letter F Words
Risky Map Clicking: Next State Alphabetically
Click the Washington State Counties! (Map)
Recently Updated
Leaping Animals
pecheneg
Reality TV Shows (A-Z)
bhenderson79
Rickey Henderson's Hall of Fame Teammates
pecheneg
Champions League XIs: Arsenal
pecheneg
Quick Pick: Celebrities in WWE's Hall of Fame
aduchscher
A-Z Keypad Blitz II
pecheneg
Multiple Oscar Actors
pecheneg
Mystery Phrase Blitz: Oscar 'Best Actors'
pecheneg
F. Scott Fitzgerald Novels
LTH
Pick 3 Villains
ddd62291
Trending Topics
Marvel
Crossword
Harry Potter
Kpop
NBA
Disney
Anime
Soccer
Puzzle
Song
Country
Pokémon
WWE
NFL
The Office
Your Account Isn't Verified!
In order to create a playlist on Sporcle, you need to verify the email address you used during registration. Go to your
Sporcle Settings
to finish the process.
Report this User
Report this user for behavior that violates our
Community Guidelines
.
Details:
Send Report
Go to the Sporcle.com Mobile Site →
Comments